| Tag |
First Indicator |
Second Indicator |
Subfields |
| LEADER |
00000cam a2200000 a 4500 |
| 001 |
in00000019434 |
| 005 |
20151007053620.0 |
| 008 |
860108s1987 nbug b 00100 eng |
| 010 |
|
|
|a 86001262
|
| 020 |
|
|
|a 0803223358 (alk. paper)
|
| 035 |
|
|
|a (OCoLC)13095442
|
| 035 |
|
|
|9 AAB2244AM
|
| 040 |
|
|
|a DLC
|c DLC
|d OCL
|d TXA
|d UtOrBLW
|
| 049 |
|
|
|a TXAM
|c [A11061579]
|
| 050 |
0 |
0 |
|a ML410.S932
|b S794 1987
|
| 082 |
0 |
|
|a 780/.92/4
|2 19
|
| 245 |
0 |
0 |
|a Stravinsky retrospectives /
|c edited by Ethan Haimo and Paul Johnson.
|
| 264 |
|
1 |
|a Lincoln :
|b University of Nebraska Press,
|c [1987]
|
| 264 |
|
4 |
|c ©1987
|
| 300 |
|
|
|a xii, 203 pages :
|b music ;
|c 26 cm.
|
| 336 |
|
|
|a text
|b txt
|2 rdacontent
|
| 337 |
|
|
|a unmediated
|b n
|2 rdamedia
|
| 338 |
|
|
|a volume
|b nc
|2 rdacarrier
|
| 504 |
|
|
|a Includes bibliographical references and index.
|
| 505 |
0 |
|
|a Stravinsky's "fortunate continuities" and "legitimate accidents," 1882-1982 / William Austin -- Stravinsky's verticals and Schoenberg's diagonals : a twist of fate / Milton Babbitt -- Problems of hierarchy in Stravinsky's Octet / Ethan Haimo -- Cross-collectional techniques of structure in Stravinsky's centric music / Paul Johnson -- Conundrums, conjectures, construals, or, 5 vs. 3 : the influence of Russian composers on Stravinsky / Claudio Spies -- Sonata form in Stravinsky / Joseph Straus -- Stravinsky's "rejoicing discovery" and what it meant : in defense of his notorious text setting / Richard Taruskin.
|
| 600 |
1 |
0 |
|a Stravinsky, Igor,
|d 1882-1971
|x Criticism and interpretation.
|
| 700 |
1 |
|
|a Haimo, Ethan,
|d 1950-
|
| 700 |
1 |
|
|a Johnson, Paul,
|d 1954-
|
| 999 |
|
|
|a MARS
|
| 999 |
f |
f |
|s d2afee38-36f1-3153-9799-7c7b62dd5658
|i 0169d759-7a29-3f68-8e7c-d518d9688b7c
|t 0
|
| 952 |
f |
f |
|p ric
|a Texas A&M University
|b Rellis Campus
|c Joint Library Facility
|d Remote Storage
|t 0
|e ML410.S932 S794 1987
|h Library of Congress classification
|i unmediated -- volume
|m A14811061579
|
| 952 |
f |
f |
|p storage
|a Texas A&M University
|b J.J. Pickle Campus
|c High Density Repository
|d Remote Storage
|t 0
|e ML410.S932 S794 1987
|h Library of Congress classification
|i unmediated -- volume
|m A14821357809
|
| 998 |
f |
f |
|a ML410.S932 S794 1987
|t 0
|l Remote Storage
|
| 998 |
f |
f |
|a ML410.S932 S794 1987
|t 0
|l Remote Storage
|